|
|
|
|
| LEADER |
00000nab a2200000 a 4500 |
| 001 |
vtls000545886 |
| 003 |
SK-MaSNL |
| 005 |
20260303011925.0 |
| 008 |
120929c1995 xo 0 slo |
| 015 |
|
|
|a SNBRB19rr/mm-uuuuu
|
| 035 |
|
|
|a CL0546024
|
| 040 |
|
|
|a SNKBUCL
|b slo
|c SNKBUCL
|e AACR2
|
| 041 |
0 |
|
|a slo
|
| 044 |
|
|
|a xo
|c SK
|
| 080 |
|
|
|a 657.421
|2 1981
|
| 100 |
1 |
|
|a Laučík, Zdenko,
|d 1929-
|4 aut
|9 14384
|
| 245 |
1 |
0 |
|a Teória a prax odpisov z investičného majetku 2
|c Zdenko Laučík
|
| 300 |
|
|
|b Tab. 6
|
| 500 |
|
|
|a Pokračovanie
|
| 650 |
0 |
7 |
|a majetok investičný
|2 snkbucl
|9 867125
|
| 650 |
0 |
7 |
|a odpisy
|2 snkbucl
|9 770542
|
| 655 |
|
7 |
|a články z novín a časopisov
|2 snkbucl
|9 267496
|
| 773 |
0 |
|
|t Zvesti
|g Roč. 3, č. 2 (1995), s. 41-45
|x 1335-0420
|
| 850 |
|
|
|a Slovenská národná knižnica v Martine
|a MTA001
|
| 852 |
|
|
|a SNK
|b KIS3GCP
|
| 958 |
|
|
|a RK
|
| 992 |
|
|
|a RBX
|
| 999 |
|
|
|c 1594708
|d 1596638
|